[Event "World Open"]
[Site "Philadelphia"]
[Date "2011.07.02"]
[Round "5"]
[White "Van Kooten, Luke"]
[Black "Most, Eric"]
[Result "0-1"]
[WhiteElo "2341"]
[BlackElo "2129"]
[PlyCount "89"]
[EventDate "2011.06.??"]
[EventType "swiss"]
[EventRounds "9"]
[EventCountry "USA"]
[Source "MonRoi"]

1. d4 Nc6 2. d5 Ne5 3. e4 e6 4. f4 Ng6 5. dxe6 fxe6 6. Bd3 Bc5 7. Nf3 Nh4 8.
Nxh4 Qxh4+ 9. g3 Qe7 10. Nc3 d6 11. Bd2 Bd7 12. Qe2 Bc6 13. O-O-O O-O-O 14.
Rhf1 d5 15. e5 Nh6 16. Rde1 Bb4 17. g4 d4 18. Nb1 Bxd2+ 19. Nxd2 g6 20. Be4 Qc5
21. Kb1 Rd7 22. h3 Rhd8 23. Qf2 Kb8 24. Bd3 Qe7 25. Qg3 Bd5 26. Be4 Bxe4 27.
Nxe4 d3 28. c3 Rd5 29. Rd1 Ng8 30. Rf3 Qd7 31. Rd2 Qb5 32. Nf2 c5 33. Rfxd3 Ne7
34. Qe3 Rxd3 35. Rxd3 Nd5 36. Qd2 Rf8 37. a3 Qa4 38. f5 gxf5 39. Qh6 Qe8 40.
gxf5 Rxf5 41. c4 Rxf2 42. cxd5 Qb5 43. Rd2 Rf1+ 44. Ka2 Qc4+ 45. b3 0-1

[Event "World Open"]
[Site "Philadelphia"]
[Date "2011.07.02"]
[Round "5"]
[White "Gorman, Dov"]
[Black "Sturt, Raven"]
[Result "1/2-1/2"]
[WhiteElo "2323"]
[BlackElo "2216"]
[PlyCount "52"]
[EventDate "2011.06.??"]
[EventType "swiss"]
[EventRounds "9"]
[EventCountry "USA"]
[Source "MonRoi"]

1. Nf3 Nf6 2. d4 d5 3. g3 Bf5 4. Bg2 h6 5. c4 c6 6. Qb3 Qb6 7. c5 Qxb3 8. axb3
Bxb1 9. Rxb1 Nbd7 10. b4 g6 11. Ne5 a6 12. Nxd7 Nxd7 13. Bd2 Bg7 14. Bc3 O-O
15. Kd2 f5 16. f3 e5 17. e3 Rae8 18. Rbe1 Re7 19. f4 exd4 20. exd4 Rfe8 21.
Rxe7 Rxe7 22. Re1 Rxe1 23. Kxe1 Nf6 24. Ke2 h5 25. Be1 Kf7 26. h3 Ke6 1/2-1/2

[Event "World Open"]
[Site "Philadelphia"]
[Date "2011.07.03"]
[Round "6"]
[White "Zapata, Alonso"]
[Black "Mikhalevski, Victor"]
[Result "1/2-1/2"]
[WhiteElo "2477"]
[BlackElo "2577"]
[PlyCount "83"]
[EventDate "2011.06.??"]
[EventType "swiss"]
[EventRounds "9"]
[EventCountry "USA"]
[Source "MonRoi"]

1. e4 c5 2. Nf3 d6 3. d4 cxd4 4. Nxd4 Nf6 5. Nc3 g6 6. Be3 Bg7 7. Qd2 O-O 8. f3
Nc6 9. Bc4 Bd7 10. Bb3 Na5 11. h4 Rc8 12. h5 Nc4 13. Bxc4 Rxc4 14. Nde2 Qa5 15.
Bh6 Bxh6 16. Qxh6 g5 17. O-O-O Be6 18. Kb1 Rfc8 19. Nd5 Bxd5 20. Qxg5+ Kh8 21.
exd5 Rxc2 22. h6 Rg8 23. Qe3 Rc7 24. Nf4 Rgc8 25. g4 Rc2 26. Rc1 Qc5 27. Rxc2
Qxc2+ 28. Ka1 Qc5 29. Qd2 Nd7 30. Ne2 Rg8 31. Nc3 Ne5 32. Ne4 Qb5 33. Ng5 f6
34. f4 fxg5 35. fxe5 dxe5 36. Re1 Rf8 37. Qxg5 Rf7 38. Qxe5+ Kg8 39. Qb8+ Rf8
40. Qe5 Rf7 41. Qb8+ Rf8 42. Qe5 1/2-1/2

[Event "World Open"]
[Site "Philadelphia"]
[Date "2011.07.03"]
[Round "6"]
[White "Kekelidze, Mikheil"]
[Black "Lenderman, Alex"]
[Result "1/2-1/2"]
[WhiteElo "2452"]
[BlackElo "2548"]
[PlyCount "85"]
[EventDate "2011.06.??"]
[EventType "swiss"]
[EventRounds "9"]
[EventCountry "USA"]
[Source "MonRoi"]

1. d4 Nf6 2. Nc3 d5 3. Bg5 Nbd7 4. f3 h6 5. Bh4 c6 6. e4 Qb6 7. Qd2 Qxb2 8. Rb1
Qa3 9. e5 Ng8 10. Bd3 e6 11. Nge2 Be7 12. Bxe7 Nxe7 13. O-O a6 14. Nd1 c5 15.
c3 Qa5 16. f4 cxd4 17. Nxd4 Nc5 18. Ne3 g6 19. Kh1 Nf5 20. Nb3 Nxb3 21. axb3
Nxe3 22. Qxe3 Bd7 23. b4 Qd8 24. c4 Bc6 25. Rfd1 Qh4 26. cxd5 Bxd5 27. Be4 Bxe4
28. Qxe4 O-O 29. Rd6 a5 30. bxa5 Rxa5 31. Rdb6 Rd8 32. Rxb7 Kg7 33. R7b2 Rad5
34. g3 Qh3 35. Qe2 h5 36. Rg1 h4 37. gxh4 Qf5 38. h5 Qxf4 39. hxg6 Rd2 40. Rxd2
Rxd2 41. gxf7+ Kf8 42. Rg4 Qh6 43. Rg3 1/2-1/2

[Event "World Open"]
[Site "Philadelphia"]
[Date "2011.07.03"]
[Round "6"]
[White "Hungaski, Robert"]
[Black "Harikrishna, Penteala"]
[Result "0-1"]
[WhiteElo "2464"]
[BlackElo "2666"]
[PlyCount "118"]
[EventDate "2011.06.??"]
[EventType "swiss"]
[EventRounds "9"]
[EventCountry "USA"]
[Source "MonRoi"]

1. d4 Nf6 2. c4 e6 3. Nc3 Bb4 4. e3 O-O 5. Nge2 Re8 6. a3 Bf8 7. Ng3 d5 8. Be2
dxc4 9. Bxc4 c5 10. dxc5 Qxd1+ 11. Kxd1 Bxc5 12. b4 Be7 13. Bb2 Nbd7 14. Ke2 a6
15. Nce4 Nd5 16. Rhd1 N7b6 17. Bd3 Na4 18. Be5 f6 19. Bd4 f5 20. Bc2 Bd7 21.
Nc5 Bxc5 22. bxc5 Ndc3+ 23. Ke1 Nxd1 24. Rxd1 e5 25. Bxe5 Rxe5 26. Rxd7 Nxc5
27. Rc7 g6 28. Ne2 Rae8 29. h4 R8e7 30. Rc8+ Kg7 31. g3 Ne4 32. Bb3 Re8 33.
Rc7+ R5e7 34. Rc2 Nd6 35. Rd2 Nf7 36. Rc2 Nd6 37. Rd2 Nb5 38. a4 Na7 39. Nf4
Nc6 40. Bd5 Rc8 41. Rb2 Na5 42. Rb6 Rc1+ 43. Ke2 Rc2+ 44. Ke1 Nc4 45. Rb4 Nd6
46. Ne6+ Kf6 47. Nd4 Rc5 48. Bb3 b5 49. Ne2 Re4 50. Rd4 Rxd4 51. exd4 Rc8 52.
axb5 axb5 53. Nf4 Re8+ 54. Kf1 Ne4 55. Nd5+ Kg7 56. Nc7 Re7 57. Nd5 Nd2+ 58.
Kg2 Rd7 59. Ba2 Ra7 0-1

[Event "World Open"]
[Site "Philadelphia"]
[Date "2011.07.03"]
[Round "6"]
[White "Gareev, Timur"]
[Black "Molner, Mackenzie"]
[Result "1/2-1/2"]
[WhiteElo "2613"]
[BlackElo "2464"]
[PlyCount "175"]
[EventDate "2011.06.??"]
[EventType "swiss"]
[EventRounds "9"]
[EventCountry "USA"]
[Source "MonRoi"]

1. d4 Nf6 2. c4 e6 3. Nf3 c5 4. g3 cxd4 5. Nxd4 d5 6. Bg2 e5 7. Nf3 d4 8. O-O
Nc6 9. e3 Be7 10. exd4 exd4 11. Bf4 O-O 12. Ne5 Qb6 13. Qb3 Na5 14. Qxb6 axb6
15. Nd2 Nh5 16. Nb3 Nxf4 17. gxf4 Be6 18. Nxd4 Bxc4 19. Rfd1 Rfd8 20. Bxb7 Nxb7
21. Nxc4 Bf6 22. Nc6 Rxd1+ 23. Rxd1 Rxa2 24. b4 Rc2 25. N4e5 Bxe5 26. Nxe5 Rc8
27. Rd7 Nd8 28. Rd6 Ne6 29. Rxb6 Nxf4 30. Nc6 Ra8 31. h4 h5 32. b5 Ra3 33. Rb8+
Kh7 34. b6 Rb3 35. Nd8 Ne6 36. Nxf7 Nc5 37. Rh8+ Kg6 38. Ne5+ Kf6 39. Rxh5 Na4
40. Rg5 Nxb6 41. Kg2 Nc8 42. Ng4+ Kf7 43. h5 Ne7 44. Rc5 Ra3 45. f3 Kg8 46. Re5
Kf7 47. Kg3 Ng8 48. Rb5 Ra4 49. Rb7+ Ne7 50. Nf2 Kf8 51. Rb5 g6 52. Ne4 gxh5
53. Rxh5 Kg7 54. Rc5 Ng6 55. Kg4 Ra7 56. Rb5 Kh6 57. Rb6 Rf7 58. Rb5 Rf4+ 59.
Kg3 Rf8 60. Nf2 Rf7 61. Ng4+ Kg7 62. Ne3 Rf4 63. Nf5+ Kf6 64. Nd6 Ra4 65. Ne4+
Kg7 66. Kg4 Kh6 67. Rb6 Kg7 68. Kg5 Ra5+ 69. Kg4 Ra4 70. Kg3 Kh6 71. Nc3 Rc4
72. Nd5 Kg7 73. Rb7+ Kh6 74. Ne3 Rc5 75. Ng4+ Kg5 76. Rg7 Rf5 77. Ne3 Rf8 78.
Nd5 Kh6 79. Ra7 Rf5 80. Ne3 Rf4 81. Ra5 Rb4 82. Ng4+ Kg7 83. Ra7+ Kf8 84. Nf6
Rb3 85. Nd7+ Kg8 86. Nc5 Rc3 87. Ne4 Rb3 88. Ng5 1/2-1/2

[Event "World Open"]
[Site "Philadelphia"]
[Date "2011.07.03"]
[Round "6"]
[White "Kojima, Shinya"]
[Black "Gelashvili, Tamaz"]
[Result "0-1"]
[WhiteElo "2328"]
[BlackElo "2616"]
[PlyCount "80"]
[EventDate "2011.06.??"]
[EventType "swiss"]
[EventRounds "9"]
[EventCountry "USA"]
[Source "MonRoi"]

1. Nf3 Nf6 2. c4 e6 3. g3 a6 4. Bg2 b5 5. b3 c5 6. Nc3 Qb6 7. e4 d6 8. d4 Bb7
9. d5 e5 10. O-O g6 11. Qe2 Bg7 12. cxb5 O-O 13. Nd2 axb5 14. Qxb5 Qc7 15. Qd3
Ba6 16. Nc4 Nbd7 17. Nd1 Nb6 18. Nde3 Bh6 19. f4 Nfd7 20. Bb2 Bg7 21. Qc2 Rfb8
22. Rfd1 Nxc4 23. Nxc4 Bxc4 24. Qxc4 Rb4 25. Qe2 exf4 26. Bxg7 Kxg7 27. gxf4
Qd8 28. Rac1 Qf6 29. Rf1 Kg8 30. Kh1 Qg7 31. e5 dxe5 32. fxe5 Qxe5 33. Qxe5
Nxe5 34. Rxc5 Rxa2 35. d6 Rg4 36. Bh3 Rh4 37. Rc3 Rd2 38. Re1 Ng4 39. Bxg4
Rhxh2+ 40. Kg1 Rhg2+ 0-1

[Event "World Open"]
[Site "Philadelphia"]
[Date "2011.07.03"]
[Round "6"]
[White "Shabalov, Alexander"]
[Black "Kleiman, Jake"]
[Result "0-1"]
[WhiteElo "2586"]
[BlackElo "2375"]
[PlyCount "84"]
[EventDate "2011.06.??"]
[EventType "swiss"]
[EventRounds "9"]
[EventCountry "USA"]
[Source "MonRoi"]

1. d4 Nf6 2. Nf3 e6 3. e3 c5 4. Bd3 b6 5. O-O Bb7 6. b3 Be7 7. Bb2 O-O 8. c4
cxd4 9. exd4 d5 10. Nbd2 Nc6 11. Rc1 Rc8 12. a3 dxc4 13. bxc4 Qd6 14. Qe2 Rfd8
15. Rfd1 Qf4 16. Nf1 Bf8 17. Bb1 Na5 18. Rc3 Ne4 19. Re3 Nd6 20. Ne5 Naxc4 21.
Rh3 g6 22. Bc1 Qf6 23. Rg3 Qg7 24. Bg5 Re8 25. Rh3 f5 26. Ng3 Nf7 27. Bf4 Nfxe5
28. dxe5 Qf7 29. a4 Red8 30. Rxd8 Rxd8 31. Ba2 Na5 32. Bg5 Rd4 33. Bf6 Qd7 34.
Nf1 Bd5 35. Bxd5 Qxd5 36. Rc3 Bc5 37. Qb5 Nc6 38. Qa6 Qd7 39. h4 Nb4 40. Qe2
Nd5 41. Rg3 Nxf6 42. exf6 Rxh4 0-1

[Event "World Open"]
[Site "Philadelphia"]
[Date "2011.07.03"]
[Round "6"]
[White "Bercys, Salvijus"]
[Black "Bartell, Thomas"]
[Result "1/2-1/2"]
[WhiteElo "2468"]
[BlackElo "2352"]
[PlyCount "73"]
[EventDate "2011.06.??"]
[EventType "swiss"]
[EventRounds "9"]
[EventCountry "USA"]
[Source "MonRoi"]

1. d4 Nf6 2. c4 e6 3. Nc3 Bb4 4. Qc2 O-O 5. Nf3 c5 6. dxc5 Na6 7. c6 bxc6 8. a3
Bxc3+ 9. Qxc3 Nc5 10. Qc2 a5 11. Be3 Qe7 12. Ne5 a4 13. Rd1 Nb3 14. Bg5 Qc5 15.
f4 d6 16. Bxf6 gxf6 17. Ng4 Kg7 18. Qc3 e5 19. Nf2 exf4 20. g3 f3 21. exf3 Bf5
22. Ne4 Bxe4 23. fxe4 Rfe8 24. Bg2 Re5 25. Rf1 Rae8 26. Rf2 f5 27. Kf1 f6 28.
Qb4 fxe4 29. Rxd6 R8e6 30. Qb7+ Kg6 31. Rd7 Re7 32. Rxe7 Rxe7 33. Qc8 Qxc4+ 34.
Kg1 Qe6 35. Qf8 Qf7 36. Qc8 Qe6 37. Qf8 1/2-1/2

[Event "World Open"]
[Site "Philadelphia"]
[Date "2011.07.03"]
[Round "6"]
[White "Lapshun, Yury"]
[Black "Sapozhnikov, Roman"]
[Result "1-0"]
[WhiteElo "2442"]
[BlackElo "2318"]
[PlyCount "99"]
[EventDate "2011.06.??"]
[EventType "swiss"]
[EventRounds "9"]
[EventCountry "USA"]
[Source "MonRoi"]

1. d4 Nf6 2. Nf3 e6 3. Bf4 c5 4. e3 b6 5. Nbd2 Be7 6. c3 Bb7 7. Bd3 Nc6 8. O-O
O-O 9. h3 d6 10. Qb1 Re8 11. Bh2 Bf8 12. b4 cxb4 13. cxb4 g6 14. Rc1 Qd7 15. a3
Rec8 16. Bb5 Qd8 17. Ra2 Ne7 18. Rac2 Rxc2 19. Rxc2 Rc8 20. Rxc8 Nxc8 21. Qc2
a5 22. bxa5 bxa5 23. Qa4 Na7 24. Be2 Bc6 25. Qc2 a4 26. Qb2 d5 27. Ne5 Be8 28.
Nd3 Bb5 29. Nb1 Ne4 30. f3 Nd6 31. Bxd6 Bxd6 32. Nc3 Bc4 33. Ne5 Bxe2 34. Qxe2
Qc7 35. Nxa4 f6 36. Nd3 Bxa3 37. Nac5 Qc6 38. Qa2 Nb5 39. Qb3 e5 40. e4 Bxc5
41. dxc5 Nc7 42. Qb6 Qd7 43. Qxf6 dxe4 44. Nxe5 Qd4+ 45. Kh2 Qxc5 46. Nd7 Qf5
47. Qd8+ Kf7 48. Qxc7 e3 49. Ne5+ Ke6 50. Ng4 1-0

[Event "World Open"]
[Site "Philadelphia"]
[Date "2011.07.03"]
[Round "6"]
[White "Ikeda, Junta"]
[Black "Wang, Puchen"]
[Result "0-1"]
[WhiteElo "2315"]
[BlackElo "2437"]
[PlyCount "54"]
[EventDate "2011.06.??"]
[EventType "swiss"]
[EventRounds "9"]
[EventCountry "USA"]
[Source "MonRoi"]

1. Nf3 Nf6 2. c4 g6 3. g3 Bg7 4. Bg2 O-O 5. O-O d5 6. cxd5 Nxd5 7. d3 Nc6 8. a3
e5 9. Nbd2 h6 10. e3 Kh7 11. Qc2 f5 12. Rb1 a5 13. e4 Nb6 14. exf5 Bxf5 15. Ne1
Nd4 16. Qd1 Qd7 17. Bxb7 Rab8 18. Bg2 Na4 19. Nc4 Nc5 20. Kh1 e4 21. Ne3 exd3
22. g4 Be4 23. f3 Bc6 24. b4 Ba4 25. Qd2 Ndb3 26. Qf2 d2 27. Bb2 dxe1=Q 0-1

[Event "World Open"]
[Site "Philadelphia"]
[Date "2011.07.03"]
[Round "6"]
[White "Sharevich, Anna"]
[Black "Liam, Henry"]
[Result "1-0"]
[WhiteElo "2344"]
[BlackElo "2150"]
[PlyCount "43"]
[EventDate "2011.06.??"]
[EventType "swiss"]
[EventRounds "9"]
[EventCountry "USA"]
[Source "MonRoi"]

1. d4 Nf6 2. c4 g6 3. Nc3 Bg7 4. e4 d6 5. Bg5 O-O 6. Qd2 c5 7. d5 e6 8. Be2
exd5 9. exd5 Qb6 10. Bd3 Re8+ 11. Nge2 Nbd7 12. b3 Ne4 13. Bxe4 Rxe4 14. Nxe4
Bxa1 15. N4c3 f6 16. Bh4 Kg7 17. O-O Bxc3 18. Nxc3 Qd8 19. f4 a6 20. Re1 h6 21.
Ne4 Qf8 22. Qc3 1-0

[Event "World Open"]
[Site "Philadelphia"]
[Date "2011.07.03"]
[Round "6"]
[White "Wang, Kevin"]
[Black "Getz, Alec"]
[Result "1/2-1/2"]
[WhiteElo "2192"]
[BlackElo "2292"]
[PlyCount "113"]
[EventDate "2011.06.??"]
[EventType "swiss"]
[EventRounds "9"]
[EventCountry "USA"]
[Source "MonRoi"]

1. d4 Nf6 2. Nf3 g6 3. c4 Bg7 4. g3 O-O 5. Bg2 d6 6. O-O Nc6 7. Nc3 a6 8. b3
Bf5 9. Bb2 Ne4 10. Nxe4 Bxe4 11. Qd2 d5 12. Rfd1 Qd6 13. Rac1 Rad8 14. cxd5
Bxd5 15. e3 h6 16. Rc5 Be4 17. Qe2 Rfe8 18. Nd2 Bxg2 19. Kxg2 Na7 20. Ne4 Qe6
21. Qf3 c6 22. Rcc1 Nb5 23. Nc5 Qc8 24. h4 h5 25. Nd3 Nc7 26. Nf4 Ne6 27. Ba3
Nxf4+ 28. Qxf4 Qg4 29. Qxg4 hxg4 30. Bc5 e6 31. Rh1 e5 32. Bb6 Rd5 33. dxe5 Rd2
34. Rhd1 Rxa2 35. Rd7 Bxe5 36. Rxb7 Re6 37. e4 Rb2 38. Bc5 Rf6 39. Rd1 Rf3 40.
Re7 Bf6 41. Re8+ Kh7 42. Rd7 Bg7 43. e5 Rf5 44. Ree7 Bxe5 45. Rxf7+ Rxf7 46.
Rxf7+ Kg8 47. Rf8+ Kg7 48. b4 Rd2 49. Rc8 Bd4 50. Bxd4+ Rxd4 51. Rxc6 Rxb4 52.
Rxa6 Kh6 53. Rf6 Rb5 54. Kf1 Kh5 55. Rf8 Kh6 56. Ke2 Re5+ 57. Kd3 1/2-1/2

[Event "World Open"]
[Site "Philadelphia"]
[Date "2011.07.03"]
[Round "7"]
[White "Harikrishna, Penteala"]
[Black "Van Wely, Loek"]
[Result "1-0"]
[WhiteElo "2666"]
[BlackElo "2683"]
[PlyCount "85"]
[EventDate "2011.06.??"]
[EventType "swiss"]
[EventRounds "9"]
[EventCountry "USA"]
[Source "MonRoi"]

1. d4 d5 2. c4 c6 3. Nf3 Nf6 4. Nc3 e6 5. Bg5 h6 6. Bh4 dxc4 7. e4 b5 8. e5 g5
9. Nxg5 hxg5 10. Bxg5 Nbd7 11. g3 Bb7 12. Bg2 Qb6 13. exf6 O-O-O 14. O-O c5 15.
d5 b4 16. Na4 Qa6 17. a3 Bxd5 18. Bxd5 Ne5 19. axb4 Rxd5 20. Qe2 cxb4 21. Nc3
Qd6 22. Nxd5 Qxd5 23. f3 Nd3 24. Be3 Bc5 25. Bxc5 Qxc5+ 26. Kg2 Rd8 27. Ra6 Rd5
28. Qe4 Kb7 29. Rfa1 Kb8 30. Qh7 Ne5 31. Rxa7 Qxa7 32. Qg8+ Kb7 33. Rxa7+ Kxa7
34. f4 Rd2+ 35. Kh3 Nd7 36. Qxf7 c3 37. bxc3 b3 38. Qxe6 b2 39. Qa2+ Kb6 40. f7
Kc5 41. g4 Kd6 42. g5 Ke7 43. g6 1-0

[Event "World Open"]
[Site "Philadelphia"]
[Date "2011.07.03"]
[Round "7"]
[White "Ehlvest, Jaan"]
[Black "Amanov, Mesgen"]
[Result "1-0"]
[WhiteElo "2583"]
[BlackElo "2517"]
[PlyCount "63"]
[EventDate "2011.06.??"]
[EventType "swiss"]
[EventRounds "9"]
[EventCountry "USA"]
[Source "MonRoi"]

1. e4 c5 2. Nf3 d6 3. d4 cxd4 4. Nxd4 Nf6 5. Nc3 a6 6. h3 e6 7. g4 b5 8. Bg2
Bb7 9. a3 Be7 10. O-O Nfd7 11. f4 O-O 12. f5 e5 13. Nb3 Nc6 14. Nd5 Rc8 15. c3
Bh4 16. a4 bxa4 17. Rxa4 Nb6 18. Ra1 Ne7 19. Nxb6 Qxb6+ 20. Kh2 Ba8 21. Na5 Rc5
22. Be3 Qxb2 23. Bxc5 Bxe4 24. Bf2 Bxf2 25. Bxe4 Be1+ 26. Bg2 Bxc3 27. Qxd6 Bb4
28. Qd3 e4 29. Qxe4 Rc8 30. Kh1 Bd6 31. Rad1 Bc5 32. Nb7 1-0

[Event "World Open"]
[Site "Philadelphia"]
[Date "2011.07.03"]
[Round "7"]
[White "Robson, Ray"]
[Black "Kacheishvili, Giorgi"]
[Result "1/2-1/2"]
[WhiteElo "2545"]
[BlackElo "2582"]
[PlyCount "40"]
[EventDate "2011.06.??"]
[EventType "swiss"]
[EventRounds "9"]
[EventCountry "USA"]
[Source "MonRoi"]

1. e4 c6 2. d4 d5 3. Nc3 dxe4 4. Nxe4 Bf5 5. Ng3 Bg6 6. h4 h6 7. Nf3 Nd7 8. h5
Bh7 9. Bd3 Bxd3 10. Qxd3 e6 11. Bd2 Ngf6 12. O-O-O Be7 13. Qe2 Rc8 14. Kb1 c5
15. dxc5 Qc7 16. Bc3 Nxc5 17. Ne5 O-O 18. Ng4 Ncd7 19. Ne4 Rfd8 20. Nexf6+ Nxf6
1/2-1/2

[Event "World Open"]
[Site "Philadelphia"]
[Date "2011.07.03"]
[Round "7"]
[White "Mikhalevski, Victor"]
[Black "Kekelidze, Mikheil"]
[Result "1/2-1/2"]
[WhiteElo "2577"]
[BlackElo "2452"]
[PlyCount "139"]
[EventDate "2011.06.??"]
[EventType "swiss"]
[EventRounds "9"]
[EventCountry "USA"]
[Source "MonRoi"]

1. d4 Nf6 2. c4 e6 3. Nc3 Bb4 4. a3 Bxc3+ 5. bxc3 b6 6. f3 Nc6 7. e4 Ba6 8. Bg5
h6 9. Bh4 Qc8 10. e5 Ng8 11. f4 Na5 12. Qg4 g6 13. d5 Bxc4 14. Bxc4 Nxc4 15.
dxe6 dxe6 16. f5 Ne3 17. Qa4+ b5 18. Qe4 Nxf5 19. Bf2 h5 20. Qc6+ Kf8 21. Qxb5
Nge7 22. Nf3 Qe8 23. Qxe8+ Kxe8 24. O-O Nd5 25. Rfc1 Kd7 26. g3 Rhb8 27. c4 Rb3
28. cxd5 Rxf3 29. dxe6+ fxe6 30. Rd1+ Kc8 31. Rac1 Ne7 32. Rd6 Rxa3 33. Rxe6
Nd5 34. Rxg6 Kb7 35. Rb1+ Nb6 36. e6 Re8 37. Re1 Ra5 38. Rf6 Rd5 39. Rf7 Rd6
40. e7 Kc6 41. Kg2 Rd5 42. Kh3 Nc8 43. Rc1+ Kd7 44. Rc5 Rxc5 45. Bxc5 Nd6 46.
Rh7 Ne4 47. Rxh5 Nxc5 48. Rxc5 Rxe7 49. Ra5 Kd6 50. Rxa7 Re8 51. Ra1 c5 52.
Rd1+ Kc6 53. g4 c4 54. g5 Rc8 55. Kg4 c3 56. Kf5 c2 57. Rc1 Kd7 58. Kf6 Ke8 59.
Kg7 Rc7+ 60. Kg8 Ke7 61. Kg7 Ke8+ 62. Kg6 Kf8 63. h4 Kg8 64. Kf6 Rc6+ 65. Ke5
Rc4 66. h5 Kg7 67. Kd5 Rg4 68. h6+ Kh7 69. Rxc2 Rxg5+ 70. Ke6 1/2-1/2

[Event "World Open"]
[Site "Philadelphia"]
[Date "2011.07.03"]
[Round "7"]
[White "Mulyar, Michael"]
[Black "Gareev, Timur"]
[Result "0-1"]
[WhiteElo "2399"]
[BlackElo "2613"]
[PlyCount "52"]
[EventDate "2011.06.??"]
[EventType "swiss"]
[EventRounds "9"]
[EventCountry "USA"]
[Source "MonRoi"]

1. d4 Nf6 2. c4 c5 3. d5 b5 4. cxb5 a6 5. bxa6 g6 6. Nc3 Bxa6 7. Nf3 Bg7 8. g3
d6 9. Bg2 Nbd7 10. O-O Nb6 11. Re1 O-O 12. e4 Nfd7 13. Qc2 Nc4 14. a4 Qa5 15.
Rd1 Rfb8 16. Ra2 Qb4 17. Ne1 Qb3 18. Bf1 Bd4 19. Qxb3 Rxb3 20. Nc2 Bxc3 21.
bxc3 Rxc3 22. Rd3 Rxd3 23. Bxd3 Nde5 24. Be2 Nb6 25. Bd1 Bc4 26. Rb2 Nxa4 0-1

[Event "World Open"]
[Site "Philadelphia"]
[Date "2011.07.03"]
[Round "7"]
[White "Kleiman, Jake"]
[Black "Bluvshtein, Mark"]
[Result "0-1"]
[WhiteElo "2375"]
[BlackElo "2611"]
[PlyCount "104"]
[EventDate "2011.06.??"]
[EventType "swiss"]
[EventRounds "9"]
[EventCountry "USA"]
[Source "MonRoi"]

1. e4 d6 2. d4 g6 3. Nc3 Bg7 4. Be3 Nf6 5. h3 c6 6. f4 Qa5 7. Bd3 e5 8. fxe5
dxe5 9. dxe5 Qxe5 10. Nf3 Qg3+ 11. Bf2 Qc7 12. e5 Nd5 13. Ne4 O-O 14. Bc5 Re8
15. O-O Nd7 16. Bd6 Qb6+ 17. Kh1 Nxe5 18. Nxe5 Bxe5 19. Qd2 f5 20. Rae1 Bg7 21.
Ng5 Bd7 22. c4 Ne3 23. Rf3 h6 24. Rfxe3 hxg5 25. b3 Rxe3 26. Rxe3 Qd4 27. c5
Re8 28. Bc4+ Kh7 29. Qxd4 Bxd4 30. Rxe8 Bxe8 31. Be6 Kg7 32. g4 Kf6 33. Bc8 b6
34. cxb6 axb6 35. Bc7 Bf7 36. Bd8+ Ke5 37. gxf5 gxf5 38. Bxg5 f4 39. Kg2 Bd5+
40. Kf1 f3 41. Bh4 b5 42. Ba6 Be6 43. Bf2 Bxh3+ 44. Kg1 b4 45. Bb7 Bd7 46. Kf1
Ke4 47. Bh4 Kd3 48. Ba6+ Kd2 49. Bf2 c5 50. Bc4 Bf5 51. Bd5 Bd3+ 52. Kg1 Ke2
0-1

[Event "World Open"]
[Site "Philadelphia"]
[Date "2011.07.03"]
[Round "7"]
[White "Yang, Darwin"]
[Black "Kudrin, Sergey"]
[Result "1/2-1/2"]
[WhiteElo "2434"]
[BlackElo "2543"]
[PlyCount "95"]
[EventDate "2011.06.??"]
[EventType "swiss"]
[EventRounds "9"]
[EventCountry "USA"]
[Source "MonRoi"]

1. d4 Nf6 2. c4 g6 3. f3 d5 4. cxd5 Nxd5 5. e4 Nb6 6. Nc3 Bg7 7. Be3 Nc6 8. d5
Ne5 9. Bd4 O-O 10. f4 Ng4 11. Bxg7 Kxg7 12. Qd4+ Nf6 13. Nf3 c6 14. O-O-O Bg4
15. dxc6 Bxf3 16. gxf3 bxc6 17. Qxd8 Raxd8 18. Rxd8 Rxd8 19. Ba6 Nh5 20. Ne2
Kf6 21. Rd1 Rxd1+ 22. Kxd1 e5 23. fxe5+ Kxe5 24. Kd2 Nf4 25. Nc1 g5 26. Ke3 f6
27. b4 Kd6 28. Nb3 Nd7 29. Bf1 c5 30. a3 cxb4 31. axb4 Ne5 32. Nd4 Nc6 33. Nc2
Kc7 34. Bc4 a5 35. bxa5 Nxa5 36. Bf1 Nc6 37. Na1 Kd6 38. Nb3 Ne5 39. Ba6 Ng2+
40. Kf2 Nf4 41. Ke3 Neg6 42. Bf1 Nh4 43. Kf2 Ke5 44. Ke3 Nhg6 45. Nd2 Kd6 46.
Nb3 Ne6 47. Bh3 Ngf4 48. Bf1 1/2-1/2

[Event "World Open"]
[Site "Philadelphia"]
[Date "2011.07.03"]
[Round "7"]
[White "Sundararajan, Kidambi"]
[Black "Ni, Viktorija"]
[Result "1-0"]
[WhiteElo "2543"]
[BlackElo "2178"]
[PlyCount "71"]
[EventDate "2011.06.??"]
[EventType "swiss"]
[EventRounds "9"]
[EventCountry "USA"]
[Source "MonRoi"]

1. d4 Nf6 2. c4 g6 3. Nc3 Bg7 4. e4 d6 5. Bd3 O-O 6. Nge2 e5 7. d5 Na6 8. O-O
Nh5 9. a3 f5 10. exf5 gxf5 11. f4 c6 12. Kh1 Nc7 13. Bc2 Kh8 14. Be3 Nf6 15.
fxe5 Ng4 16. Bg1 dxe5 17. dxc6 Qg5 18. Ng3 Nh6 19. Qh5 Qg6 20. Bc5 Rf6 21. Rad1
Rxc6 22. b4 Be6 23. Nd5 Bf7 24. Qe2 Qg4 25. Qxg4 fxg4 26. Be4 Ne6 27. Ne3 Rc7
28. Bd6 Rd7 29. Bxe5 Rad8 30. Bxg7+ Nxg7 31. c5 Kg8 32. Bxb7 Bb3 33. Rxd7 Rxd7
34. c6 Rc7 35. Ne4 Ne6 36. Nf6+ 1-0

[Event "World Open"]
[Site "Philadelphia"]
[Date "2011.07.03"]
[Round "7"]
[White "Holt, Conrad"]
[Black "Gerzhoy, Leonid"]
[Result "1-0"]
[WhiteElo "2417"]
[BlackElo "2496"]
[PlyCount "75"]
[EventDate "2011.06.??"]
[EventType "swiss"]
[EventRounds "9"]
[EventCountry "USA"]
[Source "MonRoi"]

1. d4 Nf6 2. c4 e6 3. Nc3 Bb4 4. Qc2 O-O 5. e4 d5 6. e5 Ne4 7. Bd3 c5 8. Nf3
Nc6 9. O-O Bxc3 10. bxc3 cxd4 11. Ba3 Re8 12. cxd4 Qa5 13. Qb2 b6 14. Rac1 Bb7
15. Rfe1 Rac8 16. Re3 Ne7 17. Bxe7 Rxe7 18. Bxe4 dxe4 19. Ra3 exf3 20. Rxa5
bxa5 21. gxf3 h6 22. Rc3 a4 23. Qb4 Rec7 24. Qxa4 Bd5 25. cxd5 Rxc3 26. d6 Ra8
27. Qb4 Rc1+ 28. Kg2 a5 29. Qb7 Rcc8 30. f4 Rcb8 31. Qd7 Rd8 32. Qa4 Ra7 33. d5
exd5 34. Qd4 Rda8 35. f5 Ra6 36. Qxd5 a4 37. d7 Rd8 38. e6 1-0

[Event "World Open"]
[Site "Philadelphia"]
[Date "2011.07.03"]
[Round "7"]
[White "Calugar, Arthur"]
[Black "Bercys, Salvijus"]
[Result "0-1"]
[WhiteElo "2210"]
[BlackElo "2468"]
[PlyCount "62"]
[EventDate "2011.06.??"]
[EventType "swiss"]
[EventRounds "9"]
[EventCountry "USA"]
[Source "MonRoi"]

1. b3 e5 2. Bb2 Nc6 3. e3 a6 4. c4 Nf6 5. Ne2 d5 6. cxd5 Nxd5 7. d3 f5 8. Nbc3
Nf6 9. Ng3 Bd6 10. Be2 g6 11. a3 Be6 12. Qc2 Qe7 13. b4 O-O 14. Bf3 Qf7 15. Rc1
g5 16. h3 h5 17. h4 g4 18. Bxc6 bxc6 19. Nge2 f4 20. exf4 exf4 21. f3 Nd5 22.
Nxd5 Bxd5 23. O-O gxf3 24. gxf3 Kh7 25. Rf2 Rg8+ 26. Kh1 Rg4 27. Ng1 Rag8 28.
Rh2 Qe6 29. Qf2 Qe3 30. Rf1 Rxg1+ 31. Rxg1 Bxf3+ 0-1

[Event "World Open"]
[Site "Philadelphia"]
[Date "2011.07.03"]
[Round "7"]
[White "Shabalov, Alexander"]
[Black "Prilleltensky, Matan"]
[Result "1-0"]
[WhiteElo "2586"]
[BlackElo "2100"]
[PlyCount "71"]
[EventDate "2011.06.??"]
[EventType "swiss"]
[EventRounds "9"]
[EventCountry "USA"]
[Source "MonRoi"]

1. e4 c5 2. Nf3 Nc6 3. d4 cxd4 4. Nxd4 Nf6 5. Nc3 e5 6. Ndb5 d6 7. Bg5 a6 8.
Na3 b5 9. Bxf6 gxf6 10. Nd5 f5 11. Bd3 Be6 12. c3 Bg7 13. O-O O-O 14. Nc2 Bxd5
15. exd5 Ne7 16. Qh5 e4 17. Be2 f4 18. f3 e3 19. Rad1 Ng6 20. Kh1 Re8 21. Rg1
Qc8 22. Nb4 a5 23. Nc6 b4 24. g3 bxc3 25. bxc3 Kh8 26. gxf4 Nxf4 27. Qxf7 Ng6
28. Rxg6 hxg6 29. Qxg6 Qh3 30. Qxd6 Rab8 31. Rg1 Rb2 32. Qg6 Rg8 33. Nd8 Qxh2+
34. Kxh2 Be5+ 35. Kh3 Rxg6 36. Rxg6 1-0